<?xml version="1.0" encoding="UTF-8"?>
<record
    xmlns:xsi="http://www.w3.org/2001/XMLSchema-instance"
    xsi:schemaLocation="http://www.loc.gov/MARC21/slim http://www.loc.gov/standards/marcxml/schema/MARC21slim.xsd"
    xmlns="http://www.loc.gov/MARC21/slim">

  <leader>02080nam0a2200409   4500</leader>
  <controlfield tag="001">RU\NLR\bibl\1744787</controlfield>
  <controlfield tag="005">20260406091943.0</controlfield>
  <datafield tag="010" ind1=" " ind2=" ">
    <subfield code="a">978-5-904946-07-4</subfield>
    <subfield code="9">2000</subfield>
  </datafield>
  <datafield tag="021" ind1=" " ind2=" ">
    <subfield code="a">RU</subfield>
    <subfield code="b">2011-9081</subfield>
    <subfield code="9">644</subfield>
  </datafield>
  <datafield tag="035" ind1=" " ind2=" ">
    <subfield code="a">(NLR Aleph) 001735688</subfield>
  </datafield>
  <datafield tag="035" ind1=" " ind2=" ">
    <subfield code="a">(nilc)RSL-KNO-004892404</subfield>
  </datafield>
  <datafield tag="090" ind1=" " ind2=" ">
    <subfield code="a">1427533</subfield>
    <subfield code="c">1427533</subfield>
  </datafield>
  <datafield tag="100" ind1=" " ind2=" ">
    <subfield code="a">20110214d2011    |||y0rusy50      ca</subfield>
  </datafield>
  <datafield tag="101" ind1="1" ind2=" ">
    <subfield code="a">rus</subfield>
    <subfield code="c">eng</subfield>
  </datafield>
  <datafield tag="102" ind1=" " ind2=" ">
    <subfield code="a">RU</subfield>
  </datafield>
  <datafield tag="105" ind1=" " ind2=" ">
    <subfield code="a">y   |||||||||</subfield>
  </datafield>
  <datafield tag="200" ind1="1" ind2=" ">
    <subfield code="a">&#x41D;&#x435;&#x432;&#x438;&#x434;&#x438;&#x43C;&#x430;&#x44F; &#x433;&#x43E;&#x440;&#x438;&#x43B;&#x43B;&#x430;, &#x438;&#x43B;&#x438; &#x418;&#x441;&#x442;&#x43E;&#x440;&#x438;&#x44F; &#x43E; &#x442;&#x43E;&#x43C;, &#x43A;&#x430;&#x43A; &#x43E;&#x431;&#x43C;&#x430;&#x43D;&#x447;&#x438;&#x432;&#x430; &#x43D;&#x430;&#x448;&#x430; &#x438;&#x43D;&#x442;&#x443;&#x438;&#x446;&#x438;&#x44F;</subfield>
    <subfield code="e">[&#x43F;&#x435;&#x440;&#x435;&#x432;&#x43E;&#x434; &#x441; &#x430;&#x43D;&#x433;&#x43B;&#x438;&#x439;&#x441;&#x43A;&#x43E;&#x433;&#x43E;]</subfield>
    <subfield code="f">&#x41A;&#x440;&#x438;&#x441;&#x442;&#x43E;&#x444;&#x435;&#x440; &#x428;&#x430;&#x431;&#x440;&#x438;, &#x414;&#x430;&#x43D;&#x438;&#x44D;&#x43B; &#x421;&#x430;&#x439;&#x43C;&#x43E;&#x43D;&#x441;</subfield>
  </datafield>
  <datafield tag="210" ind1=" " ind2=" ">
    <subfield code="a">&#x41C;&#x43E;&#x441;&#x43A;&#x432;&#x430;</subfield>
    <subfield code="c">&#x41A;&#x430;&#x440;&#x44C;&#x435;&#x440;&#x430; &#x43F;&#x440;&#x435;&#x441;&#x441;</subfield>
    <subfield code="d">2011</subfield>
  </datafield>
  <datafield tag="215" ind1=" " ind2=" ">
    <subfield code="a">372 &#x441;.</subfield>
    <subfield code="d">24</subfield>
  </datafield>
  <datafield tag="225" ind1="1" ind2=" ">
    <subfield code="a">&#x412;&#x44B;&#x434;&#x430;&#x44E;&#x449;&#x438;&#x435;&#x441;&#x44F; &#x434;&#x43E;&#x441;&#x442;&#x438;&#x436;&#x435;&#x43D;&#x438;&#x44F; &#x432; &#x43F;&#x441;&#x438;&#x445;&#x43E;&#x43B;&#x43E;&#x433;&#x438;&#x438;</subfield>
  </datafield>
  <datafield tag="300" ind1=" " ind2=" ">
    <subfield code="a">&#x411;&#x438;&#x431;&#x43B;&#x438;&#x43E;&#x433;&#x440;. &#x432; &#x43F;&#x440;&#x438;&#x43C;&#x435;&#x447;.: &#x441;. 313-372</subfield>
  </datafield>
  <datafield tag="300" ind1=" " ind2=" ">
    <subfield code="a">&#x417;&#x430;&#x433;&#x43B;. &#x438; &#x430;&#x432;&#x442;. &#x43E;&#x440;&#x438;&#x433;.: The invisible gorilla and other ways our intuitions deseive us / Christopher Chabris and Daniel Simons</subfield>
  </datafield>
  <datafield tag="300" ind1=" " ind2=" ">
    <subfield code="a">&#x41D;&#x430; 3-&#x439; &#x441;. &#x441;&#x443;&#x43F;&#x435;&#x440;&#x43E;&#x431;&#x43B;. &#x430;&#x432;&#x442;.: &#x41A;&#x440;&#x438;&#x441;&#x442;&#x43E;&#x444;&#x435;&#x440; &#x428;&#x430;&#x431;&#x440;&#x438; - &#x43F;&#x440;&#x43E;&#x444;. Union Colledge &#x432; &#x41D;&#x44C;&#x44E;-&#x419;&#x43E;&#x440;&#x43A;&#x435; &#x438; &#x414;&#x430;&#x43D;&#x438;&#x44D;&#x43B;&#x44C; &#x421;&#x430;&#x439;&#x43C;&#x43E;&#x43D;&#x441; - &#x43F;&#x440;&#x43E;&#x444;. &#x418;&#x43B;&#x43B;&#x438;&#x43D;&#x43E;&#x439;&#x441;. &#x443;&#x43D;-&#x442;&#x430;</subfield>
  </datafield>
  <datafield tag="454" ind1=" " ind2="0">
    <subfield code="1">2001#$aThe invisible gorilla and other ways our intuitions deseive us$fChristopher Chabris and Daniel Simons</subfield>
    <subfield code="1">700#1$aChabris$bC.$gChristopher$4070</subfield>
    <subfield code="1">701#1$aSimons$bD.$gDaniel$4070</subfield>
    <subfield code="t">The invisible gorilla and other ways our intuitions deseive us</subfield>
    <subfield code="a">Chabris, Christopher</subfield>
  </datafield>
  <datafield tag="606" ind1="1" ind2=" ">
    <subfield code="a">&#x427;&#x435;&#x43B;&#x43E;&#x432;&#x435;&#x43A;</subfield>
    <subfield code="x">&#x41F;&#x441;&#x438;&#x445;&#x43E;&#x43B;&#x43E;&#x433;&#x438;&#x44F; &#x432;&#x43E;&#x441;&#x43F;&#x440;&#x438;&#x44F;&#x442;&#x438;&#x44F;</subfield>
    <subfield code="9">1341964</subfield>
    <subfield code="3">RU\NLR\auth\66244536</subfield>
  </datafield>
  <datafield tag="686" ind1=" " ind2=" ">
    <subfield code="a">&#x42E;935.131-232,0</subfield>
    <subfield code="2">rubbk</subfield>
  </datafield>
  <datafield tag="686" ind1=" " ind2=" ">
    <subfield code="a">&#x42E;935.113</subfield>
  </datafield>
  <datafield tag="700" ind1=" " ind2="1">
    <subfield code="a">&#x428;&#x430;&#x431;&#x440;&#x438;</subfield>
    <subfield code="b">&#x41A;.</subfield>
    <subfield code="g">&#x41A;&#x440;&#x438;&#x441;&#x442;&#x43E;&#x444;&#x435;&#x440;</subfield>
    <subfield code="4">070</subfield>
  </datafield>
  <datafield tag="701" ind1=" " ind2="1">
    <subfield code="4">070</subfield>
    <subfield code="7">ca</subfield>
    <subfield code="8">rus</subfield>
    <subfield code="a">&#x421;&#x430;&#x439;&#x43C;&#x43E;&#x43D;&#x441;</subfield>
    <subfield code="b">&#x414;.</subfield>
    <subfield code="f">1969-</subfield>
    <subfield code="g">&#x414;&#x430;&#x43D;&#x438;&#x44D;&#x43B;</subfield>
    <subfield code="3">RU\NLR\AUTH\770282587</subfield>
    <subfield code="9">2671721</subfield>
  </datafield>
  <datafield tag="801" ind1=" " ind2="0">
    <subfield code="a">RU</subfield>
    <subfield code="b">RuMoRKP</subfield>
    <subfield code="c">20110214</subfield>
    <subfield code="g">rcr</subfield>
  </datafield>
  <datafield tag="801" ind1=" " ind2="1">
    <subfield code="a">RU</subfield>
    <subfield code="b">RuMoRGB</subfield>
    <subfield code="c">20110214</subfield>
  </datafield>
  <datafield tag="801" ind1=" " ind2="2">
    <subfield code="a">RU</subfield>
    <subfield code="b">NLR</subfield>
    <subfield code="c">20110310</subfield>
    <subfield code="g">rcr</subfield>
  </datafield>
  <datafield tag="942" ind1=" " ind2=" ">
    <subfield code="c">BOOK</subfield>
  </datafield>
  <datafield tag="980" ind1=" " ind2=" ">
    <subfield code="a">NB</subfield>
  </datafield>
  <datafield tag="980" ind1=" " ind2=" ">
    <subfield code="a">NBR</subfield>
  </datafield>
  <datafield tag="995" ind1=" " ind2=" ">
    <subfield code="5">2011-03-10</subfield>
    <subfield code="a">ad</subfield>
    <subfield code="b">NLR01</subfield>
    <subfield code="c">NLR01</subfield>
    <subfield code="e">RF8</subfield>
    <subfield code="f">1-1808744</subfield>
    <subfield code="k">2011-7/1140</subfield>
    <subfield code="o">0</subfield>
    <subfield code="r">BOOK</subfield>
    <subfield code="s">201171140_</subfield>
  </datafield>
  <datafield tag="995" ind1=" " ind2=" ">
    <subfield code="5">2011-03-10</subfield>
    <subfield code="a">ad</subfield>
    <subfield code="b">NLR01</subfield>
    <subfield code="c">NLR01</subfield>
    <subfield code="e">RF8</subfield>
    <subfield code="f">3372160</subfield>
    <subfield code="k">2011-7/1140</subfield>
    <subfield code="o">0</subfield>
    <subfield code="r">BOOK</subfield>
    <subfield code="s">201171140_</subfield>
  </datafield>
</record>
